El matrimonio, comunidad de vida y amor
Spremljeno u:
| Glavni autor: | |
|---|---|
| Format: | Knjiga |
| Jezik: | španjolski |
| Izdano: |
Barcelona
Centre de Pastoral Litúrgica
2010
|
| Izdanje: | 1a. ed |
| Serija: | Biblioteca Litúrgica, 39
|
| Teme: | |
| Oznake: |
Dodaj oznaku
Bez oznaka, Budi prvi tko označuje ovaj zapis!
|
MARC
| LEADER | 00000cam a2200000 a 4500 | ||
|---|---|---|---|
| 001 | UCE4989 | ||
| 003 | CL-VaPUC | ||
| 008 | 141127e20100500sp |||||||||||||||||spa|d | ||
| 020 | |a 9788498054156 | ||
| 082 | 0 | 4 | |a 248.4 |b CLA |2 21 |
| 100 | 0 | |a Claret, Manuel |e author |9 577474 | |
| 245 | 1 | 3 | |a El matrimonio, comunidad de vida y amor |
| 250 | |a 1a. ed | ||
| 300 | |a 247 p | ||
| 942 | |c BK | ||
| 945 | |d 20141127 16:34:00 |a dcastane | ||
| 260 | |a Barcelona |b Centre de Pastoral Litúrgica |c 2010 | ||
| 650 | 0 | |a Vida cristiana |9 258753 | |
| 650 | 7 | |a MATRIMONIO |2 CL-VaPUC |9 577475 | |
| 650 | 0 | |a Sacramentos |9 257270 | |
| 650 | 0 | |a Familias |9 255641 | |
| 583 | |a last modification |c 20141127 16:34:00 |k Rodrigo Vera | ||
| 490 | 0 | |a Biblioteca Litúrgica, 39 | |
| 999 | |c 357841 |d 357839 | ||
| 952 | |0 0 |1 0 |3 erd |4 0 |6 248_400000000000000_CLA_2010 |7 0 |8 A |9 465941 |a BIBTEO |b BIBTEO |i 5126282 |o 248.4 CLA 2010 |p 5126282 |r 2025-01-17 |w 2019-11-23 |y BK |z Catalogado en:20141127 |k ICR | ||
| 952 | |0 0 |1 0 |3 erd |4 0 |6 248_400000000000000_CLA_2010 |7 0 |8 A |9 465942 |a BIBTEO |b BIBTEO |i 5196337 |o 248.4 CLA 2010 |p 5196337 |r 2025-01-17 |w 2019-11-23 |y BK |z Catalogado en:20150904 |k ICR | ||